[Event "IECG CN.2000.0.00211"]
[Site "IECG email"]
[Date "2000.08.28"]
[Round "?"]
[White "Caherec, Emmanuel"]
[Black "Pavlak, Maria"]
[Result "0-1"]
[WhiteElo "800"]
[BlackElo "800"]
[PlyCount "42"]
[EventDate "2000.08.28"]
[EventType "tourn (corr)"]
[EventRounds "6"]
[SourceTitle "Corr 2008"]
[Source "ChessBase"]
[SourceDate "2008.06.24"]
[SourceVersion "1"]
[SourceVersionDate "2008.06.24"]
[SourceQuality "1"]

1. e4 e5 2. Nf3 Nc6 3. Bb5 a6 4. Ba4 Nf6 5. 0-0 Nxe4 6. d4 b5 7. Bb3 d5 8. Nxe5 Nxe5 9. dxe5 c6 10. Nc3 Nxc3 11. bxc3 Bc5 12. Re1 a5 13. a4 Qb6 14. Be3 0-0 15. Rb1 Bxe3 16. Rxe3 bxa4 17. Bxa4 Qc7 18. Qd4 Bd7 19. c4 c5 20. cxd5 cxd4 21. Reb3 Bxa4 0-1

[Event "IECG CN.2000.0.00211"]
[Site "IECG email"]
[Date "2000.08.28"]
[Round "?"]
[White "Mills, Mark"]
[Black "Pavlak, Maria"]
[Result "1-0"]
[WhiteElo "949"]
[BlackElo "800"]
[PlyCount "97"]
[EventDate "2000.08.28"]
[EventType "tourn (corr)"]
[EventRounds "6"]
[SourceTitle "Corr 2008"]
[Source "ChessBase"]
[SourceDate "2008.06.24"]
[SourceVersion "1"]
[SourceVersionDate "2008.06.24"]
[SourceQuality "1"]

1. c4 Nf6 2. Nc3 e5 3. Nf3 Nc6 4. d4 exd4 5. Nxd4 Bb4 6. Bg5 0-0 7. e3 h6 8. Bh4 b6 9. Be2 Bb7 10. 0-0 Bxc3 11. bxc3 Qe7 12. Bf3 Rab8 13. Qe2 Ne5 14. Bxb7 Rxb7 15. Rad1 Ng6 16. Qf3 Rbb8 17. Nf5 Qe6 18. Bxf6 Qxf6 19. Nxh6+ Kh7 20. Qxf6 gxf6 21. Nf5 d6 22. f4 Rfe8 23. Rf3 Ne7 24. Rh3+ Kg6 25. Nxe7+ Rxe7 26. Rg3+ Kf5 27. Rd5+ Ke4 28. h4 Rh8 29. Rh3 Re6 30. g4 c5 31. Kf2 b5 32. f5 bxc4 33. Rd2 Ree8 34. Rxd6 Rd8 35. Rxf6 Rd2+ 36. Kg3 Kxe3 37. g5 Rd7 38. Kg4+ Ke4 39. h5 Rd3 40. Rh1 Rxc3 41. Rxf7 Rd3 42. h6 c3 43. g6 c2 44. g7 Rhd8 45. h7 Rd1 46. g8Q Rxg8+ 47. hxg8Q c1Q 48. Re7+ Kd3 49. Qb3+ 1-0